10 oldest countries - Statistics

General Stats
  • This quiz has been taken 24 times
    13 since last reset
  • The average score is 6 of 10
Answer Stats
Hint Answer % Correct
2070 BCE, Yu the Great China
100%
3150 BCE, King Narmer Menes Egypt
92%
3200 BCE, Cyrus II Iran
83%
1300 BCE, King Saul Israel
75%
2000 BCE, King Chandragupta Maurya India
67%
3000 BCE, Unknown Syria
58%
2879 BCE, Hung Vuong Vietnam
42%
2492 BCE, The Medes Armenia
33%
2333 BCE, King Jumong Korea
33%
1300 BCE, King Bagrat III Georgia
17%
No matching quizzes found
Score Distribution
Percent of People with Each Score
Percentile by Number Answered
Your Score History
You have not taken this quiz since the last reset